Statistics for Biggest Cities in Montana

Click here to take the quiz!

General Stats

  • This quiz has been taken 1,810 times
    (1,227 since last reset)
  • The average score is 9 of 20

Answer Stats

Population City % Correct
109,550Billings
95%
32,315Helena
94%
74,428Missoula
82%
48,532Bozeman
76%
34,284Butte /
Silver Bow County
74%
58,701Great Falls
68%
23,938Kalispell
55%
8,393Miles City
40%
9,715Havre
38%
9,131Anaconda /
Deer Lodge County
37%
7,870Whitefish
36%
7,784Livingston
33%
8,993Belgrade
24%
6,766Laurel
24%
5,818Lewistown
24%
4,960Glendive
24%
5,018Polson
23%
4,809Hamilton
23%
6,246Sidney
20%
5,575Columbia Falls
17%

Score Distribution

Percentile by Number Answered

Percent of People with Each Score

Your Score History

You have not taken this quiz since the last reset